| 000 | 00354nam a22001337a 4500 | ||
|---|---|---|---|
| 008 | 181010b xxu||||| |||| 00| 0 eng d | ||
| 020 | _a0898596823 | ||
| 041 | _aeng | ||
| 080 | _a159.9 | ||
| 100 | _a48 | ||
| 101 | _aPSI | ||
| 245 |
_aHandbook of Cognitive, Social, and Neuropsychological Aspects of Learning Disabilities _cCeci,S.J |
||
| 942 |
_2udc _cBK |
||
| 999 |
_c49284 _d49284 |
||